A szegedi Bálint Sándor szomorú születésnapi évfordulója
Elmentve itt :
| Dokumentumtípus: | Cikk |
|---|---|
| Megjelent: |
2004-07-27
|
| Sorozat: | Délmagyarország
94 No. 174 |
| Kulcsszavak: | Bálint Sándor háza |
| Online Access: | http://dmarchiv.bibl.u-szeged.hu/125509 |
| LEADER | 00442nab a2200145 i 4500 | ||
|---|---|---|---|
| 001 | delm125509 | ||
| 005 | 20191127085643.0 | ||
| 008 | 191127s2004 hu o 0|| hun d | ||
| 040 | |a SZTE Délmagyarország Archívum |b hun | ||
| 041 | |a hun | ||
| 245 | 0 | 2 | |a A szegedi Bálint Sándor szomorú születésnapi évfordulója |h [elektronikus dokumentum] |
| 260 | |c 2004-07-27 | ||
| 300 | |a 10 | ||
| 490 | 0 | |a Délmagyarország |v 94 No. 174 | |
| 695 | |a Bálint Sándor háza | ||